Curso de derecho procesal civil

Saved in:
Bibliografiske detaljer
Hovedforfatter: Romero Seguel, Alejandro (Author)
Format: Bog
Sprog:spansk
Udgivet: Santiago, Chile. Thomson Reuters, 2017
Udgivelse:Tercera Edición Actualizada
Serier:Colección Tratados y Manuales
Fag:
Tags: Tilføj Tag
Ingen Tags, Vær først til at tagge denne postø!

MARC

LEADER 00000cam a2200000 a 4500
001 UCC0973
003 CL-VaPUC
005 20211013125222.0
008 170915e20170800cl |||||||||||||||||spa|d
999 |c 369587  |d 369585 
020 |a 9789563468953 t.I 
020 |a 9789563469028 t.II 
040 |c Pontificia Universidad Católica de Valparaíso 
082 0 4 |a 347.83  |b ROM  |2 21 
100 0 |a Romero Seguel, Alejandro  |e author  |9 594941 
245 1 0 |a Curso de derecho procesal civil 
250 |a Tercera Edición Actualizada  
260 |a Santiago, Chile.  |b Thomson Reuters,   |c 2017 
300 |a 2 tomos  
490 0 |a Colección Tratados y Manuales 
505 |a t.I: La acción y la protección de los derechos. t.II: Los presupuestos procesales relativos al órgano jurisdiccional y a las partes. 
583 |a last modification  |c 20180510 09:41:11  |k Rodrigo Vera 
650 0 |a Derecho procesal civil  |9 258071 
650 0 |a Derecho civil chileno  |9 320612 
650 0 |a Jurisprudencia  |9 255952 
942 |c BK  |2 ddc 
945 |d 20170915 11:20:00  |a arojas 
952 |0 0  |1 0  |2 ddc  |3 erb  |4 0  |6 347_830000000000000_ROM_2017  |7 0  |8 A  |9 462552  |a BIBDER  |b BIBDER  |h t.2  |i 5451469  |l 10  |m 1  |o 347.83 ROM 2017  |p 5451469  |r 2025-04-25  |s 2025-04-25  |w 2019-11-23  |y BK  |z Catalogado en:20180119  |k DER 
952 |0 0  |1 0  |3 erb  |4 0  |6 347_830000000000000_ROM_2017  |7 0  |8 A  |9 485509  |a BIBDER  |b BIBDER  |h t.1  |i 5424496  |l 19  |m 2  |o 347.83 ROM 2017  |p 5424496  |r 2025-05-06  |s 2025-04-30  |w 2019-11-24  |y BK  |z Catalogado en:20170915  |k DER 
952 |0 0  |1 0  |3 erb  |4 0  |6 347_830000000000000_ROM_2017  |7 0  |8 A  |9 485510  |a BIBDER  |b BIBDER  |h t.1  |i 5466245  |l 18  |m 2  |o 347.83 ROM 2017  |p 5466245  |r 2024-11-15  |s 2024-11-13  |w 2019-11-24  |y BK  |z Catalogado en:20180413  |k DER 
952 |0 0  |1 0  |3 erb  |4 0  |6 347_830000000000000_ROM_2017  |7 0  |8 A  |9 485511  |a BIBDER  |b BIBDER  |h t.2  |i 546952K  |l 6  |o 347.83 ROM 2017  |p 546952K  |q 2025-05-09  |r 2025-05-09  |s 2025-05-09  |w 2019-11-24  |y BK  |z Catalogado en:20180511  |k DER